<?xml version="1.0" encoding="UTF-8"?>
<record
    xmlns:xsi="http://www.w3.org/2001/XMLSchema-instance"
    xsi:schemaLocation="http://www.loc.gov/MARC21/slim http://www.loc.gov/standards/marcxml/schema/MARC21slim.xsd"
    xmlns="http://www.loc.gov/MARC21/slim">

  <leader>01328    a2200253   4500</leader>
  <controlfield tag="001">59032</controlfield>
  <controlfield tag="005">20260407155845.0</controlfield>
  <controlfield tag="008">260407a    arg                 spa d    </controlfield>
  <controlfield tag="003">AR-UNSa-BCEJYS</controlfield>
  <datafield tag="040" ind1=" " ind2=" ">
    <subfield code="a">AR-UNSa-BCEJYS</subfield>
    <subfield code="b">spa</subfield>
    <subfield code="c">AR-UNSa-BCEJYS</subfield>
  </datafield>
  <datafield tag="080" ind1=" " ind2=" ">
    <subfield code="a">339.5</subfield>
    <subfield code="x">Comercio exterior. Comercio Internacional</subfield>
  </datafield>
  <datafield tag="245" ind1="1" ind2="0">
    <subfield code="a">Internacionalizaci&#xF3;n de empresas y tecnolog&#xED;a de origen argentino</subfield>
  </datafield>
  <datafield tag="020" ind1=" " ind2=" ">
    <subfield code="a">950-23-0191-9</subfield>
  </datafield>
  <datafield tag="264" ind1=" " ind2="1">
    <subfield code="a">Buenos Aires :</subfield>
    <subfield code="b">EUDEBA (Editorial Universitaria de Buenos Aires)</subfield>
  </datafield>
  <datafield tag="300" ind1=" " ind2=" ">
    <subfield code="a">331 p.</subfield>
    <subfield code="c">23 cm.</subfield>
  </datafield>
  <datafield tag="505" ind1=" " ind2=" ">
    <subfield code="a">1. De la industria incipiente a la exportaci&#xF3;n de tecnolog&#xED;a: la experiencia argentina en la venta internacional de plantas industriales y obras de ingenier&#xED;a (1973-1977) &#x2013; 2. Los servicios de consultor&#xED;a en la Argentina: oferta local y experiencia exportadora &#x2013; 3. Exportaci&#xF3;n argentina de servicios de ingenier&#xED;a y construcci&#xF3;n &#x2013; 4. Inversiones directas en el exterior de empresas industriales argentinas &#x2013; 5. An&#xE1;lisis comparativo de los estudios sobre la actividad internacional de empresas argentinas propuestas para pol&#xED;ticas publicas</subfield>
  </datafield>
  <datafield tag="942" ind1=" " ind2=" ">
    <subfield code="c">BK</subfield>
  </datafield>
  <datafield tag="590" ind1=" " ind2=" ">
    <subfield code="a">niveau_biblio:m niveau_hierar:0</subfield>
  </datafield>
  <datafield tag="100" ind1="1" ind2=" ">
    <subfield code="a">Ablin, Eduardo</subfield>
  </datafield>
  <datafield tag="700" ind1="1" ind2=" ">
    <subfield code="a">Gatto, Francisco</subfield>
  </datafield>
  <datafield tag="700" ind1="1" ind2=" ">
    <subfield code="a">Katz, Jorge M.</subfield>
  </datafield>
  <datafield tag="700" ind1="1" ind2=" ">
    <subfield code="a">Kosacoff, Bernardo</subfield>
  </datafield>
  <datafield tag="700" ind1="1" ind2=" ">
    <subfield code="a">Soifer, Ricardo J.</subfield>
  </datafield>
  <datafield tag="999" ind1=" " ind2=" ">
    <subfield code="c">6585</subfield>
    <subfield code="d">6585</subfield>
  </datafield>
  <datafield tag="952" ind1=" " ind2=" ">
    <subfield code="0">0</subfield>
    <subfield code="1">0</subfield>
    <subfield code="4">0</subfield>
    <subfield code="7">0</subfield>
    <subfield code="a">BCEJYS</subfield>
    <subfield code="b">BCEJYS</subfield>
    <subfield code="c">16</subfield>
    <subfield code="d">2026-04-07</subfield>
    <subfield code="l">0</subfield>
    <subfield code="o">339.5 A152</subfield>
    <subfield code="p">L85642</subfield>
    <subfield code="r">2026-04-07 15:58:45</subfield>
    <subfield code="w">2026-04-07</subfield>
    <subfield code="y">L</subfield>
  </datafield>
</record>
